El señor de las moscas /
Guardado en:
| Hovedforfatter: | |
|---|---|
| Format: | Bog |
| Sprog: | spansk |
| Udgivet: |
Madrid, España :
Alianza,
2007, c2007
|
| Serier: | (El Libro de Bolsillo ; Literatura)
5503. |
| Fag: | |
| Tags: |
Ingen Tags, Vær først til at tagge denne postø!
|
MARC
| LEADER | 00000nam^a2200000^a^4500 | ||
|---|---|---|---|
| 001 | 000399661 | ||
| 005 | 20250521000000.0 | ||
| 009 | 20260310121558.503 | ||
| 020 | |a 978-84-206-3411-1 | ||
| 037 | |a Acervo ITESO - Biblioteca | ||
| 041 | |a ESP | ||
| 082 | |a 823. |b GOL | ||
| 100 | |a Golding, William |e (autor) | ||
| 240 | 1 | 4 | |a [El señor de las moscas] |
| 245 | 1 | 3 | |a El señor de las moscas / |c W. Golding ; tr. por Carmen Vergara. |
| 264 | 4 | |a Madrid, España : |b Alianza, |c 2007, c2007 | |
| 300 | |a 249 p. | ||
| 336 | |a texto |b txt |2 rdacontenido | ||
| 337 | |a sin mediación |b n |2 rdamedio | ||
| 338 | |a volumen |b nc |2 rdasoporte | ||
| 440 | 4 | |a (El Libro de Bolsillo ; |v 5503. |p Literatura) | |
| 500 | |a Traducción de: Lord of the Flies | ||
| 545 | 0 | |a William Golding (Saint Columb Minor, 1911 - Perranarworthal, 1993), escritor inglés célebre en todo el mundo por El señor de las moscas (1954), su primera novela. Estudia en la Universidad de Oxford y sigue inicialmente los pasos profesionales de su padre como educador, al tiempo que publica el volumen Poems (1934), que luego repudia. Sirve a las fuerzas navales británicas durante la Segunda Guerra Mundial y mantiene su actividad docente hasta 1962, cuando decide dedicarse de lleno a la literatura. Otras de sus novelas y novelas cortas son: Los herederos (1955), que Golding estimaba como su obra propia predilecta; Martin el náufrago (1956); Caída libre (1959); La pirámide (1967); El dios Escorpión (1971); La oscuridad invisible (1979, James Tait Black Memorial Prize en la categoría de ficción); la trilogía To the Ends of the Earth, formada por Ritos de paso (1980, Booker Prize), Cuerpo a cuerpo (1987) y Fuego en las entrañas (1989), y la póstuma La lengua oculta (1997). Premio Nobel de Literatura (1983), nombrado Caballero de la Orden del Imperio Británico en 1988 y Doctor Honoris Causa por la Universidad de Oviedo (1992), escribió también la obra de teatro La mariposa de latón (1959), los libros de ensayos The Hot Gates (1965) y A Moving Target (1982) y el libro de viajes Diario egipcio (1985). | |
| 586 | |a Premio Nobel de Literatura 1983 | ||
| 649 | |a XX | ||
| 650 | |a Niños en la Literatura | ||
| 650 | |a Novela de Aventuras - |z Inglaterra | ||
| 650 | |a Novela Inglesa | ||
| 650 | |a Psicología y Literatura - |z Inglaterra | ||
| 650 | |a Literatura Inglesa - |y Siglo XX | ||
| 650 | |a Agresividad en la Literatura | ||
| 650 | |a Instinto de Supervivencia en la Literatura | ||
| 650 | |a Aislamiento Social en la Literatura | ||
| 650 | |a Grupos Sociales en la Literatura | ||
| 650 | |a Orden Social en la Literatura | ||
| 650 | |a Organización Social en la Literatura | ||
| 650 | |a Distopías en la Literatura | ||
| 910 | |a Fondo General | ||
| 920 | |a Impresos - Libros | ||
| 930 | |a Colección General | ||
| 940 | |a Literatura | ||
| 905 | |a 101 | ||
| 901 | |a 0500295021 |b IT1 |c LIT |i d98280 |u 20250521 | ||
| 902 | |a https://opac.biblio.iteso.mx/vufind/Record/000399661 | ||